Khủng bố và chống khủng bố

Αποθηκεύτηκε σε:
Λεπτομέρειες βιβλιογραφικής εγγραφής
Κύριος συγγραφέας: Nam Hồng
Μορφή: Βιβλίο
Γλώσσα:Undetermined
Έκδοση: Hà Nội Lao Động 2001
Θέματα:
Ετικέτες: Προσθήκη ετικέτας
Δεν υπάρχουν, Καταχωρήστε ετικέτα πρώτοι!
Thư viện lưu trữ: Trung tâm Học liệu Trường Đại học Cần Thơ
LEADER 00534nam a2200169Ia 4500
001 CTU_46973
008 210402s9999 xx 000 0 und d
082 |a 973.929 
082 |b N104/T1 
100 |a Nam Hồng 
245 0 |a Khủng bố và chống khủng bố 
245 0 |c Nam Hồng, Hồ Quang Lợi, Lê Huy Hòa 
260 |a Hà Nội 
260 |b Lao Động 
260 |c 2001 
650 |a terrorism,united states - history - 20th century 
980 |a Trung tâm Học liệu Trường Đại học Cần Thơ